| 000 | 00814nam0a22002651 4500 | ||
|---|---|---|---|
| 001 | rc\721124 | ||
| 005 | 20250621225630.0 | ||
| 010 |
_a5-88782-194-9 _97000 |
||
| 035 | _a(NLR Aleph) 005964413 | ||
| 090 |
_a6880289 _c6880289 |
||
| 100 | _a20031121d1997 |||y0rusy50 ca | ||
| 101 | 0 | _arus | |
| 102 | _aRU | ||
| 105 | _aa ||||||||| | ||
| 200 | 1 |
_aСифилис _eРук. для врачей _fА.Н. Родионов |
|
| 210 |
_aСПб. и др. _cПитер _d1997 |
||
| 215 |
_a284 с., [4] л. цв. ил. _d20 |
||
| 225 | 1 | _aПрактическая медицина | |
| 320 | _aБиблиогр.: с. 283-284 | ||
| 700 | 1 |
_aРодионов _bА.Н. _gАнатолий Николаевич |
|
| 801 | 0 |
_aRU _bNLR _gpsbo |
|
| 801 | 1 |
_aRU _bELAR _2rusmarc |
|
| 852 |
_aNLR _j97-3/4802 |
||
| 942 | _cBOOK | ||
| 980 | _aNB | ||